Direct Tax I and II (Record no. 221016)
[ view plain ]
| 000 -LEADER | |
|---|---|
| fixed length control field | 00715nam a22002417a 4500 |
| 005 - DATE AND TIME OF LATEST TRANSACTION | |
| control field | 20211230093535.0 |
| 008 - FIXED-LENGTH DATA ELEMENTS--GENERAL INFORMATION | |
| fixed length control field | 211230b ||||| |||| 00| 0 eng d |
| 020 ## - INTERNATIONAL STANDARD BOOK NUMBER | |
| International Standard Book Number | 9789391679187 |
| 040 ## - CATALOGING SOURCE | |
| Transcribing agency | AL |
| 041 ## - LANGUAGE CODE | |
| Language code of text/sound track or separate title | eng |
| 082 ## - DEWEY DECIMAL CLASSIFICATION NUMBER | |
| Edition number | 23 |
| Classification number | 657.46 |
| Item number | RAVD |
| 100 ## - MAIN ENTRY--PERSONAL NAME | |
| Personal name | Ravi M N and others |
| 100 ## - MAIN ENTRY--PERSONAL NAME | |
| 9 (RLIN) | 12090 |
| 245 ## - TITLE STATEMENT | |
| Title | Direct Tax I and II |
| Remainder of title | Income Tax A.Y 2021-22 |
| 250 ## - EDITION STATEMENT | |
| Edition statement | 2nd rev ed. |
| 260 ## - PUBLICATION, DISTRIBUTION, ETC. | |
| Place of publication, distribution, etc. | Hyderabad |
| Name of publisher, distributor, etc. | Professional Books Publisher |
| Date of publication, distribution, etc. | 2022 |
| 300 ## - PHYSICAL DESCRIPTION | |
| Extent | ix,372 p. |
| Other physical details | PB |
| Dimensions | 24x16 cm. |
| 365 ## - TRADE PRICE | |
| Price type code | 4699 |
| Price amount | ₹208.00 |
| Currency code | ₹ |
| Unit of pricing | ₹260.00 |
| Price note | 20% |
| Price effective from | 25-12-2021 |
| 650 ## - SUBJECT ADDED ENTRY--TOPICAL TERM | |
| Topical term or geographic name entry element | Direct Tax |
| 9 (RLIN) | 12091 |
| 700 ## - ADDED ENTRY--PERSONAL NAME | |
| Personal name | RAVI (M N) |
| 9 (RLIN) | 12092 |
| 700 ## - ADDED ENTRY--PERSONAL NAME | |
| Personal name | BHANU PRAKASH (B.E) |
| 9 (RLIN) | 12093 |
| 700 ## - ADDED ENTRY--PERSONAL NAME | |
| Personal name | SUMAN SHETTY (N) |
| 9 (RLIN) | 12094 |
| 942 ## - ADDED ENTRY ELEMENTS (KOHA) | |
| Source of classification or shelving scheme | Dewey Decimal Classification |
| Koha item type | Book |
| Withdrawn status | Lost status | Source of classification or shelving scheme | Damaged status | Not for loan | Collection code | Home library | Current library | Date acquired | Source of acquisition | Cost, normal purchase price | Total Checkouts | Full call number | Barcode | Date last seen | Date last checked out | Cost, replacement price | Price effective from | Koha item type | Total Renewals |
|---|---|---|---|---|---|---|---|---|---|---|---|---|---|---|---|---|---|---|---|
| Dewey Decimal Classification | Management | St Aloysius Library | St Aloysius Library | 12/30/2021 | Biblios Book Point | 208.00 | 3 | 657.46 RAVD | 075215 | 10/16/2023 | 09/30/2023 | 260.00 | 12/30/2021 | Book | |||||
| Dewey Decimal Classification | Management | St Aloysius Library | St Aloysius Library | 12/30/2021 | Biblios Book Point | 208.00 | 4 | 657.46 RAVD | 075216 | 10/23/2025 | 10/17/2025 | 260.00 | 12/30/2021 | Book | |||||
| Dewey Decimal Classification | Management | St Aloysius Library | St Aloysius Library | 12/30/2021 | Biblios Book Point | 208.00 | 6 | 657.46 RAVD | 075217 | 03/24/2026 | 06/18/2025 | 260.00 | 12/30/2021 | Book | 2 | ||||
| Dewey Decimal Classification | Management | St Aloysius Library | St Aloysius Library | 12/30/2021 | Biblios Book Point | 208.00 | 4 | 657.46 RAVD | 075218 | 10/13/2025 | 10/09/2025 | 260.00 | 12/30/2021 | Book |